ਉਪਨਿਸ਼ਦ ਵਿਦ੍ਆ / (Record no. 110958)
[ view plain ]
| 000 -LEADER | |
|---|---|
| fixed length control field | 00909nam a22002537a 4500 |
| 005 - DATE AND TIME OF LATEST TRANSACTION | |
| control field | 20170123164159.0 |
| 010 ## - LIBRARY OF CONGRESS CONTROL NUMBER | |
| LC control number | B-109414 |
| 020 ## - INTERNATIONAL STANDARD BOOK NUMBER | |
| Terms of availability | 75.00 |
| 035 ## - SYSTEM CONTROL NUMBER | |
| System control number | B-109414 |
| 037 ## - SOURCE OF ACQUISITION | |
| Source of stock number/acquisition | Cen Lib/Ret |
| 040 ## - CATALOGING SOURCE | |
| Original cataloging agency | DPL |
| Language of cataloging | PN |
| 082 ## - DEWEY DECIMAL CLASSIFICATION NUMBER | |
| Classification number | 230.22 |
| Edition number | ਉਪਨਿ |
| 100 ## - MAIN ENTRY--PERSONAL NAME | |
| Personal name | ਆਰ. ਡੀ ਨਿਰਾਕਾਰੀ |
| 9 (RLIN) | 78980 |
| 245 ## - TITLE STATEMENT | |
| Title | ਉਪਨਿਸ਼ਦ ਵਿਦ੍ਆ / |
| Statement of responsibility, etc | ਆਰ. ਡੀ ਨਿਰਾਕਾਰੀ |
| 246 ## - VARYING FORM OF TITLE | |
| Title proper/short title | Upnishd vidya / |
| Remainder of title | by R. D. Nirankari |
| 260 ## - PUBLICATION, DISTRIBUTION, ETC. (IMPRINT) | |
| Place of publication, distribution, etc | ਚੰਡੀਗੜ੍ਹ |
| Name of publisher, distributor, etc | ਲੋਕ ਗੀਤ ਪ੍ਰਕਾਸ਼ਨ |
| Date of publication, distribution, etc | 2003 |
| 270 ## - ADDRESS | |
| Address | SCO 26-27 Top Floor Sector 34A |
| City | ਚੰਡੀਗੜ੍ਹ |
| Postal code | 160022 |
| 300 ## - PHYSICAL DESCRIPTION | |
| Extent | 187 |
| Dimensions | 24cm(Hb) |
| 650 ## - SUBJECT ADDED ENTRY--TOPICAL TERM | |
| Topical term or geographic name as entry element | ਸੰਤ ਸਾਹਿਤ |
| 9 (RLIN) | 1054 |
| 650 ## - SUBJECT ADDED ENTRY--TOPICAL TERM | |
| Topical term or geographic name as entry element | ਸੰਤ ਧਰਮ |
| Form subdivision | |
| 9 (RLIN) | 134613 |
| 650 ## - SUBJECT ADDED ENTRY--TOPICAL TERM | |
| Topical term or geographic name as entry element | Saint literature |
| 9 (RLIN) | 9692 |
| 650 ## - SUBJECT ADDED ENTRY--TOPICAL TERM | |
| Topical term or geographic name as entry element | Saint religion |
| 9 (RLIN) | 9693 |
| 942 ## - ADDED ENTRY ELEMENTS (KOHA) | |
| Source of classification or shelving scheme | Dewey Decimal Classification |
| Koha item type | Punjabi Bks |
| Classification part | 230.22 |
| Call number suffix | ਉਪਨਿ |
| Withdrawn status | Lost status | Damaged status | Not for loan | Home library | Current library | Date acquired | Source of acquisition | Cost, normal purchase price | Total Checkouts | Full call number | Barcode | Date last seen | Copy number | Cost, replacement price | Price effective from | Koha item type |
|---|---|---|---|---|---|---|---|---|---|---|---|---|---|---|---|---|
| Central Library | Central Library | 10/02/2016 | Cen Lib/Ret | 75.00 | 230.22 ਉਪਨਿ | B-109414 | 10/02/2016 | 1 | 75.00 | 10/02/2016 | Punjabi Bks |
